If you go away... (Record no. 117771)

MARC details
000 -LEADER
fixed length control field 01371cam a2200253 4500
001 - CONTROL NUMBER
control field ABS67984
008 - FIXED-LENGTH DATA ELEMENTS--GENERAL INFORMATION
fixed length control field 040726n2004 000 0 eng u
035 ## - SYSTEM CONTROL NUMBER
System control number (Sirsi) u126925
100 ## - MAIN ENTRY--PERSONAL NAME
Personal name Redmond, J.
245 ## - TITLE STATEMENT
Title If you go away...
260 ## - PUBLICATION, DISTRIBUTION, ETC.
Date of publication, distribution, etc. 2004
490 ## - SERIES STATEMENT
Series statement Building
Volume/sequential designation 269(8339) 2 July 2004, 49(1)
520 ## - SUMMARY, ETC.
Summary, etc. Gives advice on any action that can be taken by contractors and subcontractors when they have not received payment for their work. Argues that they should not immediately stop working as this could be regarded as repudiating the contract and they may risk a big claim for delay damages. A subcontractor looking for payment could question whether there is an agreement in the first place; in "Birse Construction Ltd v St. David Limited" ([1999] BLR 194 (TCC) (Abs65086)) the contractor established there was no contract when no payment was made. The Housing Grants, and Construction Act 1996 gives a right to suspend work if payment is not received and this can apply if there is no contract.
590 ## - LOCAL NOTE (RLIN)
Local note ABS
590 ## - LOCAL NOTE (RLIN)
Local note ABS
650 ## - SUBJECT ADDED ENTRY--TOPICAL TERM
Topical term or geographic name entry element NON-PAYMENT
650 ## - SUBJECT ADDED ENTRY--TOPICAL TERM
Topical term or geographic name entry element CONTRACTOR
650 ## - SUBJECT ADDED ENTRY--TOPICAL TERM
Topical term or geographic name entry element SUBCONTRACTORS
650 ## - SUBJECT ADDED ENTRY--TOPICAL TERM
Topical term or geographic name entry element HOUSING GRANTS, CONSTRUCTION AND REGENERATION ACT 1996
650 ## - SUBJECT ADDED ENTRY--TOPICAL TERM
Topical term or geographic name entry element BIRSE CONSTRUCTION LTD V ST DAVID LTD
650 ## - SUBJECT ADDED ENTRY--TOPICAL TERM
Topical term or geographic name entry element DISPUTE RESOLUTION
9 (RLIN) 6236
690 ## - LOCAL SUBJECT ADDED ENTRY--TOPICAL TERM (OCLC, RLIN)
Topical term or geographic name as entry element BUILDING AND CONSTRUCTION-CONTRACTS
942 ## - ADDED ENTRY ELEMENTS (KOHA)
Suppress in OPAC 0
Holdings
Withdrawn status Lost status Source of classification or shelving scheme Damaged status Not for loan Home library Current library Shelving location Date acquired Total Checkouts Full call number Barcode Date last seen Copy number Price effective from Koha item type
    Dewey Decimal Classification     London London Journal article 26/07/2004   ABS67984 126925-1001 06/08/2019 1 06/08/2019 Journal article